00426nam a2200157Ia 4500003000900000008004100009020002200050040001600072080001700088100001800105245004900123250001200172260004800184300001500232700002100247IN-BaIIA211028s9999 xx 000 0 eng d a978-0-521-88201-9 cIIA Library a523.947bGOL aGolub, Leon P 4aThe solar coronacGolub and Jay M Pasachoff a2nd ed. aCambridgebCambridge University Pressc2010 axiv, 390p. aPasachoff, Jay M